| 000 | 00885nam a2200253 a 4500 | ||
|---|---|---|---|
| 001 | 28219 | ||
| 003 | BD-RjUL | ||
| 005 | 20211209051243.0 | ||
| 008 | 740815s1965 pk ab b 000 0 eng | ||
| 035 | _a(BD-RjUL)28300 | ||
| 040 |
_aDLC _cTOL _dOCL _dSER _dBD-RjUL _beng |
||
| 041 | _aeng | ||
| 082 |
_223 _a330.9549 _bRAE 1965 |
||
| 100 | 1 |
_aRashid, Haroun Er _9224157 |
|
| 245 | 1 | 0 |
_aEast Pakistan: _ba systematic regional geography & its development planning aspects / _cby Haroun Er Rashid |
| 250 | _a1st ed. | ||
| 260 |
_aLahore: _bSh. Ghulam Ali, _c1965 |
||
| 300 |
_axvi, 387 p. : _bill. ; _c25 cm. |
||
| 504 | _aIncludes bibliographical references. | ||
| 650 | 0 |
_aNatural resources _zEast Pakistan (Bangladesh) _9224158 |
|
| 651 | 0 |
_aEast Pakistan (Bangladesh) _xEconomic conditions. _9224159 |
|
| 651 | 0 |
_aEast Pakistan (Bangladesh) _xEconomic policy. _9224160 |
|
| 942 |
_2ddc _cRAR |
||
| 999 |
_c28219 _d28219 |
||